| 000 | 00657nam a22002177a 4500 | ||
|---|---|---|---|
| 007 | ta | ||
| 008 | 230922b ||||| |||| 00| 0 spa d | ||
| 040 | _cAR-FvUNAJ | ||
| 082 | 1 | 4 |
_214a. ed. _a302.4 |
| 100 | 0 |
_918266 _aSprott, Walter John Herbert |
|
| 245 | 1 | 0 |
_aGrupos humanos / _cWalter John Herbert Sprott |
| 250 | _a6a ed. | ||
| 260 |
_aBuenos Aires : _bPaidós, _c1979. |
||
| 300 | _a224 p. | ||
| 440 |
_98773 _aBiblioteca del Hombre Contemporáneo |
||
| 650 | 1 | 7 |
_2unescot _9756 _aCOMUNICACION |
| 650 | 2 | 7 |
_2unescot _91808 _aGRUPOS SOCIALES |
| 653 | 2 | 7 | _aRELACIONES HUMANAS |
| 942 |
_2ddc _cLIBRO |
||
| 980 |
_621570 _a Diaz Bustince _821570 _g Diaz Bustince |
||
| 999 |
_c9320 _d9320 |
||